| 000 | 00799nas a2200265 4500 | ||
|---|---|---|---|
| 001 | BR2013000411 | ||
| 003 | BR-BrBNA | ||
| 005 | 20231205121816.0 | ||
| 007 | ta | ||
| 008 | 230509b bl.|||p| |||| 00| 00por d | ||
| 040 |
_aBR-BrBNA _bpor _cBiblioteca Nacional de Agricultura |
||
| 041 | _a(Pt) | ||
| 072 | _aH01 | ||
| 100 | 1 | _aDantas, M.J.F. | |
| 100 | 1 | _aMion, R.L. | |
| 245 | 1 | _aDeriva de calda no mamoeiro em função da pressão e ponta de pulverização | |
| 650 | _aMAMÃO | ||
| 650 | _aCARICA PAPAYA | ||
| 650 | _aAGROTÓXICO | ||
| 650 | _aPULBERIZAÇÃO | ||
| 650 | _aMETÓDO ESTATÍSTICO | ||
| 773 | 0 |
_tEngenharia na Agricultura (Brazil) _xISSN 1414-3984 _g(Jul-Ago 2012), v. 20(4) p. 302-310 _wBR2013000411 |
|
| 909 |
_a202311 _bLúcia _c55 _dLúcia Elande |
||
| 942 |
_2AGRIS _n0 _cANA |
||
| 999 |
_c225351 _d225351 |
||